|
|
|
|
| LEADER |
00000cam a2200000 7i4500 |
| 001 |
0000295708 |
| 005 |
20241025161115.0 |
| 006 |
a## #### ### |
| 007 |
t |
| 008 |
211014s2009 my # ### # may |
| 020 |
|
|
|a 9789835205019
|
| 040 |
|
|
|a MBPJ
|b eng
|c MBPJ
|e rda
|
| 090 |
0 |
0 |
|a 333.72
|b ZAI
|
| 100 |
1 |
|
|a Zaini Ujang ,
|e author
|
| 245 |
0 |
0 |
|a MINDA LESTARI :
|b Pembangunan Negara dan Pemuliharaan Alam Sekitar
|c Zaini Ujang
|
| 264 |
|
1 |
|a Johor :
|b Penerbit Universiti Teknologi Malaysia
|c 2010
|
| 264 |
|
4 |
|c ©2009
|
| 300 |
|
|
|a 410 pages ;
|c 23 cm.
|
| 336 |
|
|
|a text
|2 rdacontent
|
| 337 |
|
|
|a unmediated
|2 rdamedia
|
| 338 |
|
|
|a volume
|2 rdacarrier
|
| 650 |
|
0 |
|a Environmental protection
|z Malaysia
|
| 650 |
|
0 |
|a Environmental sciences
|z Malaysia
|
| 999 |
|
|
|a 00398121
|b BUKU
|c MALAYSIANA
|e PERPUSTAKAAN KOMUNITI PETALING JAYA
|